[Event "International Championship of Central Serbia 2015 - OPEN Arbia 2015 - OPEN A"]
[Site "Paracin"]
[Date "2015.07.04"]
[Round "2.1"]
[White "Ratkovic, Miloje"]
[Black "Banusz, Tamas"]
[Result "0-1"]
[WhiteElo "2341"]
[BlackElo "2582"]
[PlyCount "76"]
[EventDate "2015.07.03"]

1. d4 d5 2. Bg5 Nf6 3. e3 c5 4. Bxf6 gxf6 5. dxc5 e6 6. c4 dxc4 7. Qxd8+ Kxd8
8. Bxc4 Bxc5 9. Nf3 Ke7 10. Ke2 Bd7 11. Nc3 Nc6 12. Rad1 Bb4 13. Ne4 Na5 14.
Bd3 f5 15. Ned2 Ba4 16. Rc1 Rac8 17. a3 Bd6 18. h3 h5 19. g3 Nb3 20. Nxb3 Bxb3
21. Rxc8 Rxc8 22. h4 Kf6 23. Nd4 Bd5 24. Rd1 Be5 25. Bb1 b5 26. Kd2 a6 27. Rc1
Rg8 28. Bd3 f4 29. gxf4 Bxd4 30. exd4 Rg4 31. f5 Rxd4 32. Ke3 Rxh4 33. fxe6
fxe6 34. Rc7 Rh3+ 35. Ke2 Ke5 36. Ra7 Kd4 37. Bg6 h4 38. Rxa6 Rb3 0-1

[Event "International Championship of Central Serbia 2015 - OPEN Arbia 2015 - OPEN A"]
[Site "Paracin"]
[Date "2015.07.04"]
[Round "2.2"]
[White "Damljanovic, Branko"]
[Black "Pantelic, Sasa"]
[Result "1-0"]
[WhiteElo "2565"]
[BlackElo "2324"]
[PlyCount "73"]
[EventDate "2015.07.03"]

1. d4 Nf6 2. c4 g6 3. Nc3 Bg7 4. e4 d6 5. Nf3 Bg4 6. Be3 Bxf3 7. gxf3 O-O 8. f4
c5 9. d5 Qa5 10. Bg2 a6 11. Bd2 Nbd7 12. O-O e6 13. dxe6 fxe6 14. f5 Rae8 15.
fxe6 Rxe6 16. f4 Qc7 17. Kh1 Nb6 18. Qb3 Kh8 19. Rae1 Nh5 20. a4 Qd8 21. a5 Qh4
22. Ne2 Nd7 23. Qh3 Qxh3 24. Bxh3 Re7 25. Nc3 Nhf6 26. b3 Rfe8 27. Bg2 Nb8 28.
Nd5 Nxd5 29. cxd5 Nd7 30. Bh3 Kg8 31. Kg2 Bd4 32. e5 dxe5 33. d6 Rg7 34. fxe5
Rxe5 35. Bh6 Rxe1 36. Rxe1 Ne5 37. Be6+ 1-0

[Event "International Championship of Central Serbia 2015 - OPEN Arbia 2015 - OPEN A"]
[Site "Paracin"]
[Date "2015.07.04"]
[Round "2.3"]
[White "Brankovic, Dejan"]
[Black "Atalik, Suat"]
[Result "0-1"]
[WhiteElo "2322"]
[BlackElo "2564"]
[PlyCount "42"]
[EventDate "2015.07.03"]

1. e4 e6 2. d4 d5 3. exd5 exd5 4. Bd3 c5 5. dxc5 Bxc5 6. Nf3 Nf6 7. O-O O-O 8.
h3 Nc6 9. Nbd2 Qd6 10. Nb3 Bb6 11. c4 Rd8 12. c5 Bxc5 13. Nxc5 Qxc5 14. Bg5 Be6
15. Bxf6 gxf6 16. Rc1 Qb4 17. Re1 Kh8 18. Ng5 fxg5 19. Qh5 Qh4 20. Qd1 Qb4 21.
Rf1 Kg8 0-1

[Event "International Championship of Central Serbia 2015 - OPEN Arbia 2015 - OPEN A"]
[Site "Paracin"]
[Date "2015.07.04"]
[Round "2.4"]
[White "Djukic, Nikola"]
[Black "Marholev, Dimitar"]
[Result "1/2-1/2"]
[WhiteElo "2543"]
[BlackElo "2317"]
[PlyCount "176"]
[EventDate "2015.07.03"]

1. e4 e5 2. Nf3 Nc6 3. Bb5 a6 4. Ba4 g6 5. c3 Bg7 6. d4 exd4 7. cxd4 b5 8. Bb3
Na5 9. Bd2 Nxb3 10. Qxb3 d5 11. e5 Ne7 12. Bb4 O-O 13. Nbd2 Re8 14. Rc1 Bb7 15.
O-O Nc6 16. Bc5 Na5 17. Qc3 Nc4 18. b3 Nxd2 19. Nxd2 f6 20. f4 g5 21. Qg3 gxf4
22. Rxf4 fxe5 23. Rg4 Qd7 24. Nf3 Kh8 25. dxe5 d4 26. Rxd4 Qe6 27. Ng5 Bxe5 28.
Qh4 Qg6 29. Rd7 Kg8 30. Rxh7 Bf6 31. Rh6 Qxg5 32. Qxg5+ Bxg5 33. Rg6+ Kh7 34.
Rxg5 Rad8 35. Bb4 Rd7 36. Rc2 Re4 37. Ba5 Ree7 38. h3 Be4 39. Rf2 Rg7 40. Rh5+
Kg6 41. Rc5 c6 42. Re5 Bd5 43. Bd2 Rgf7 44. Rg5+ Kh7 45. Rh5+ Kg6 46. Rg5+ Kh7
47. Bf4 a5 48. Rg4 a4 49. bxa4 bxa4 50. a3 Rb7 51. Re2 Rbe7 52. Rxe7 Rxe7 53.
Kf2 Re4 54. Rh4+ Kg6 55. Bg3 c5 56. Rxe4 Bxe4 57. Bd6 c4 58. g4 c3 59. h4 c2
60. Bf4 Kf6 61. h5 Bc6 62. Bc1 Bd5 63. Ke3 Bc4 64. Kf4 Bd3 65. Bb2+ Ke6 66. Ke3
c1=Q+ 67. Bxc1 Bc2 68. Bb2 Bd1 69. Kf4 Kf7 70. Kf5 Bc2+ 71. Kg5 Bd1 72. Kh4 Ke6
73. Bc3 Be2 74. Bd2 Bd1 75. g5 Kf5 76. g6 Be2 77. Bc3 Bd1 78. Bb4 Be2 79. Bf8
Bd1 80. Be7 Be2 81. g7 Bc4 82. Kg3 Bg8 83. Kf3 Bh7 84. Ke3 Ke6 85. Bf8 Kf7 86.
Kd2 Kg8 87. Kc3 Bf5 88. h6 Bh7 1/2-1/2

[Event "International Championship of Central Serbia 2015 - OPEN Arbia 2015 - OPEN A"]
[Site "Paracin"]
[Date "2015.07.04"]
[Round "2.5"]
[White "Besedes, Danilo"]
[Black "Sedlak, Nikola"]
[Result "0-1"]
[WhiteElo "2307"]
[BlackElo "2537"]
[PlyCount "86"]
[EventDate "2015.07.03"]

1. Nf3 Nf6 2. d4 g6 3. g3 Bg7 4. Bg2 O-O 5. O-O d6 6. c4 Nc6 7. Nc3 Bf5 8. d5
Na5 9. Nd4 Bd7 10. b3 c5 11. dxc6 bxc6 12. e4 c5 13. Nc2 Rb8 14. Rb1 Nc6 15. h3
Qc8 16. Kh2 Ng4+ 17. hxg4 Bxc3 18. g5 Qa6 19. Bb2 Bxb2 20. Rxb2 Qa5 21. Ne3 Qc3
22. Rd2 h6 23. gxh6 Qh8 24. Rh1 Qxh6+ 25. Kg1 Qg5 26. Rd5 Qf6 27. f4 Be6 28.
Rd2 Nd4 29. Rh4 Kg7 30. Nc2 Nxc2 31. Qxc2 Rh8 32. Rxh8 Rxh8 33. Qb2 Qxb2 34.
Rxb2 a5 35. Bf1 g5 36. Rf2 gxf4 37. gxf4 f5 38. Bd3 Kf6 39. Kg2 fxe4 40. Bxe4
a4 41. Kg3 axb3 42. axb3 Rh3+ 43. Kg2 Rxb3 0-1

[Event "International Championship of Central Serbia 2015 - OPEN Arbia 2015 - OPEN A"]
[Site "Paracin"]
[Date "2015.07.04"]
[Round "2.6"]
[White "Kadric, Denis"]
[Black "Cvetkovic, Srdjan"]
[Result "1/2-1/2"]
[WhiteElo "2511"]
[BlackElo "2301"]
[PlyCount "89"]
[EventDate "2015.07.03"]

1. e4 c5 2. Nc3 e6 3. Nf3 a6 4. d4 cxd4 5. Nxd4 Nc6 6. Be3 Nf6 7. Qf3 Qc7 8.
O-O-O Be7 9. Be2 O-O 10. g4 d6 11. g5 Nxd4 12. Bxd4 Nd7 13. Qh5 Re8 14. Rd3 Nf8
15. Kb1 b5 16. Rf3 Bd8 17. Bd3 Bb7 18. Rg1 e5 19. Be3 Rc8 20. Rh3 b4 21. Ne2 d5
22. Ng3 dxe4 23. Nxe4 Bxe4 24. Bxe4 g6 25. Qh6 Qd6 26. Bc1 Bb6 27. Rf3 Ne6 28.
Rg4 Qf8 29. Qxf8+ Rxf8 30. Bb7 Rc7 31. Bxa6 Nd4 32. Rf6 Bc5 33. Bd2 Be7 34. Rb6
Rd8 35. c4 Bc5 36. Rb7 Rc6 37. Bb5 Nxb5 38. cxb5 Rcd6 39. Bxb4 Bxb4 40. Rxb4
Rd1+ 41. Kc2 R1d2+ 42. Kc3 R2d3+ 43. Kc4 R3d4+ 44. Kb3 Rd3+ 45. Kc2 1/2-1/2

[Event "International Championship of Central Serbia 2015 - OPEN Arbia 2015 - OPEN A"]
[Site "Paracin"]
[Date "2015.07.04"]
[Round "2.7"]
[White "Radovic, Luka"]
[Black "Kosic, Dragan"]
[Result "1/2-1/2"]
[WhiteElo "2290"]
[BlackElo "2487"]
[PlyCount "41"]
[EventDate "2015.07.03"]

1. Nf3 c5 2. c4 Nc6 3. g3 g6 4. Bg2 Bg7 5. O-O Nh6 6. d4 cxd4 7. Nxd4 Nxd4 8.
Bxh6 Bxh6 9. Qxd4 O-O 10. Nc3 Bg7 11. Qd3 d6 12. Rfd1 Be6 13. Nd5 Rc8 14. Rac1
Bxd5 15. Qxd5 Bxb2 16. Rb1 Ba3 17. Rxb7 Bc5 18. Rdb1 Rc7 19. Rxc7 Qxc7 20. Qb7
Qxb7 21. Rxb7 1/2-1/2

[Event "International Championship of Central Serbia 2015 - OPEN Arbia 2015 - OPEN A"]
[Site "Paracin"]
[Date "2015.07.04"]
[Round "2.8"]
[White "Smith, Bryan G"]
[Black "Petrov, Martin"]
[Result "1/2-1/2"]
[WhiteElo "2479"]
[BlackElo "2276"]
[PlyCount "96"]
[EventDate "2015.07.03"]

1. e4 c5 2. Nc3 d6 3. Nge2 Nf6 4. d4 cxd4 5. Nxd4 a6 6. h3 e5 7. Nde2 b5 8. g4
Bb7 9. Bg2 h6 10. Ng3 g6 11. O-O Nbd7 12. a4 b4 13. Nd5 h5 14. g5 Nxd5 15. exd5
Rc8 16. Ne4 Be7 17. Be3 Nb6 18. Nf6+ Bxf6 19. gxf6 Nc4 20. Bg5 Qa5 21. b3 Nb6
22. Qd2 Bxd5 23. Rad1 Bxg2 24. Qxd6 Qc5 25. Kxg2 Qc6+ 26. Kg1 Qxd6 27. Rxd6 Nd7
28. Rxa6 O-O 29. Bd2 Rfe8 30. Bxb4 e4 31. Be7 Rxc2 32. Re1 Ne5 33. Rxe4 Nd3 34.
Rd6 Nxf2 35. Re3 g5 36. Rd5 g4 37. Rg5+ Kh7 38. Rxh5+ Kg6 39. hxg4 Nxg4 40.
Reh3 Rb2 41. Rh8 Rxh8 42. Rxh8 Rxb3 43. Ra8 Kf5 44. Ra5+ Kf4 45. Bd6+ Ke4 46.
Rb5 Rxb5 47. axb5 Nxf6 48. b6 Nd7 1/2-1/2

[Event "International Championship of Central Serbia 2015 - OPEN Arbia 2015 - OPEN A"]
[Site "Paracin"]
[Date "2015.07.04"]
[Round "2.9"]
[White "Djordjevic, Vuk"]
[Black "Fernandez, Daniel Howard"]
[Result "0-1"]
[WhiteElo "2287"]
[BlackElo "2472"]
[PlyCount "50"]
[EventDate "2015.07.03"]

1. e4 e6 2. d4 d5 3. Nc3 Bb4 4. e5 c5 5. a3 Bxc3+ 6. bxc3 Qa5 7. Bd2 Qa4 8. Be3
Ne7 9. Nf3 Nd7 10. Be2 b6 11. O-O Ba6 12. Ne1 Bxe2 13. Qxe2 Rc8 14. f4 O-O 15.
g4 cxd4 16. cxd4 f5 17. h3 Rc3 18. Bd2 Qxd4+ 19. Kg2 Rc4 20. Nf3 Qe4 21. Rf2
Qxe2 22. Rxe2 fxg4 23. Ng5 gxh3+ 24. Kxh3 Nc5 25. Be3 Ng6 0-1

[Event "International Championship of Central Serbia 2015 - OPEN Arbia 2015 - OPEN A"]
[Site "Paracin"]
[Date "2015.07.04"]
[Round "2.10"]
[White "Narayanan, Srinath"]
[Black "Dezelin, Milan"]
[Result "1-0"]
[WhiteElo "2464"]
[BlackElo "2267"]
[PlyCount "21"]
[EventDate "2015.07.03"]

1. e4 c5 2. Nf3 d6 3. d4 cxd4 4. Nxd4 Nf6 5. Nc3 Nc6 6. Bg5 e6 7. Qd2 Be7 8.
O-O-O Nxd4 9. Qxd4 a6 10. e5 Qa5 11. Bxf6 1-0

[Event "International Championship of Central Serbia 2015 - OPEN Arbia 2015 - OPEN A"]
[Site "Paracin"]
[Date "2015.07.04"]
[Round "2.11"]
[White "Strugnell, Carl"]
[Black "Kozhuharov, Spas"]
[Result "0-1"]
[WhiteElo "2275"]
[BlackElo "2460"]
[PlyCount "46"]
[EventDate "2015.07.03"]

1. e4 c6 2. d4 d5 3. e5 c5 4. dxc5 e6 5. Nf3 Bxc5 6. Bd3 Nc6 7. O-O f6 8. Qe2
fxe5 9. Nxe5 Nxe5 10. Qxe5 Nf6 11. c4 O-O 12. Nc3 Qb6 13. Qe2 Bd7 14. b3 Rae8
15. Kh1 Qd6 16. a4 a6 17. Bb2 Bc6 18. f4 d4 19. Ne4 Nxe4 20. Bxe4 Rxf4 21. Rxf4
Qxf4 22. Bxc6 bxc6 23. Qh5 Rf8 0-1

[Event "International Championship of Central Serbia 2015 - OPEN Arbia 2015 - OPEN A"]
[Site "Paracin"]
[Date "2015.07.04"]
[Round "2.12"]
[White "Nestorovic, Nikola"]
[Black "Malekian, Babak"]
[Result "1-0"]
[WhiteElo "2452"]
[BlackElo "2262"]
[PlyCount "103"]
[EventDate "2015.07.03"]

1. e4 g6 2. d4 c6 3. Nc3 d5 4. Nf3 Bg4 5. h3 Bxf3 6. Qxf3 e6 7. Bd3 Bg7 8. e5
Qb6 9. Ne2 c5 10. c3 Nc6 11. O-O Nge7 12. Rd1 O-O 13. Bg5 c4 14. Bc2 Qxb2 15.
Rdc1 Qb6 16. h4 Qd8 17. Rab1 Rb8 18. g4 Nxe5 19. dxe5 Bxe5 20. Bh6 Re8 21. Ba4
Nc6 22. Bg5 Qc7 23. Kg2 a6 24. Bxc6 bxc6 25. Bf6 Rxb1 26. Rxb1 Rb8 27. Rxb8+
Qxb8 28. Nd4 Bxf6 29. Qxf6 c5 30. Nf3 h6 31. Ne5 Qf8 32. g5 h5 33. Kf1 Qe8 34.
Ke1 Qf8 35. a4 Qe8 36. a5 Qf8 37. f3 Qe8 38. f4 Qf8 39. Nc6 Qe8 40. Ne5 Qf8 41.
Kd1 Qe8 42. Kd2 Qf8 43. Nc6 Qe8 44. Ne7+ Kh7 45. f5 exf5 46. Nxd5 Qd7 47. Qe5
Qb7 48. Nf6+ Kg7 49. Nxh5+ Kf8 50. Qh8+ Ke7 51. Qf6+ Ke8 52. Ng7+ 1-0

[Event "International Championship of Central Serbia 2015 - OPEN Arbia 2015 - OPEN A"]
[Site "Paracin"]
[Date "2015.07.04"]
[Round "2.13"]
[White "Rajkovic, Mladen"]
[Black "Vavulin, Maksim"]
[Result "1-0"]
[WhiteElo "2259"]
[BlackElo "2445"]
[PlyCount "207"]
[EventDate "2015.07.03"]

1. e4 e5 2. Nf3 Nc6 3. Bb5 a6 4. Ba4 Nge7 5. c3 g6 6. d4 exd4 7. cxd4 b5 8. Bc2
Bg7 9. d5 Na5 10. Bd2 c5 11. Bc3 f6 12. b4 cxb4 13. Bxb4 Nc4 14. a4 Rb8 15.
axb5 Rxb5 16. Bc3 Qb6 17. O-O O-O 18. Qe2 Nd6 19. Na3 Rc5 20. Bd4 Qc7 21. Bxc5
Qxc5 22. Bd3 f5 23. e5 Nf7 24. Rfc1 Qb4 25. Nc2 Qf4 26. g3 Qg4 27. Ne3 Qh5 28.
Ra4 Nxe5 29. Nxe5 Qxe2 30. Bxe2 Bxe5 31. Nc4 Bb8 32. Nb6 Ba7 33. Nxc8 Rxc8 34.
Rxc8+ Nxc8 35. Rc4 Nd6 36. Rc7 Bb6 37. Rxd7 Ne4 38. Bxa6 Bxf2+ 39. Kg2 Bc5 40.
Bc8 h5 41. Rc7 Kf8 42. Be6 Be7 43. Kf3 Ng5+ 44. Ke3 Ne4 45. Kd3 Nd6 46. Rd7 Ke8
47. Kd4 Ne4 48. Kc4 Kf8 49. Kb5 Nd6+ 50. Kc6 Nc4 51. Ra7 Ne5+ 52. Kc7 Nc4 53.
Ra6 Kg7 54. Kd7 Bc5 55. Ke8 Nd6+ 56. Kd8 Ne4 57. Rc6 Ba3 58. Kc7 Be7 59. Bd7
Ba3 60. Be8 Nf6 61. Kd8 Nxd5 62. Rxg6+ Kh7 63. Ra6 Bc5 64. Bxh5 Bg1 65. Bg6+
Kg7 66. Bxf5 Bxh2 67. g4 Be5 68. Kd7 Bf6 69. Ra5 Nf4 70. Ke8 Bg5 71. Ra6 Bh4
72. Kd7 Bg5 73. Kd6 Kf6 74. Ra8 Bh6 75. Kc5 Bg5 76. Kd4 Ne2+ 77. Ke4 Nc3+ 78.
Kf3 Nd5 79. Ra6+ Ke7 80. Rg6 Bc1 81. g5 Kf8 82. Rd6 Ne7 83. Kg4 Kg7 84. Be4 Bb2
85. Kh5 Bc3 86. Rh6 Bb2 87. Bg6 Kf8 88. Be4 Kg7 89. Rb6 Bd4 90. Rd6 Bc3 91. Bd5
Bb4 92. Rd7 Ba3 93. Kg4 Bb4 94. Kf4 Bd2+ 95. Kg4 Bb4 96. Be4 Ba3 97. Bc2 Kf7
98. Bb3+ Kg6 99. Ra7 Bb4 100. Ra6+ Kg7 101. Rf6 Ba3 102. Kh5 Bb4 103. Rf7+ Kh8
104. g6 1-0

[Event "International Championship of Central Serbia 2015 - OPEN Arbia 2015 - OPEN A"]
[Site "Paracin"]
[Date "2015.07.04"]
[Round "2.14"]
[White "Lajthajm, Borko"]
[Black "Dogan, Nazmi Can"]
[Result "1-0"]
[WhiteElo "2443"]
[BlackElo "2182"]
[PlyCount "95"]
[EventDate "2015.07.03"]

1. c4 Nf6 2. d4 g6 3. Nc3 Bg7 4. e4 d6 5. f3 O-O 6. Be3 c5 7. dxc5 dxc5 8. Qxd8
Rxd8 9. Bxc5 Nc6 10. Nge2 Nd7 11. Ba3 Nde5 12. Ng3 b6 13. Be2 Ba6 14. Nb5 Nd3+
15. Bxd3 Rxd3 16. Rd1 Rxd1+ 17. Kxd1 Rd8+ 18. Kc2 Bxb5 19. cxb5 Nd4+ 20. Kc1
Kf8 21. Rd1 Rc8+ 22. Kb1 Nxb5 23. Bb4 Ke8 24. Ne2 a5 25. Be1 Nd6 26. Bc3 Bxc3
27. Nxc3 Rc5 28. Nd5 b5 29. b3 e6 30. Nf6+ Ke7 31. Ng8+ Kf8 32. Rxd6 Kxg8 33.
Rd2 Kf8 34. Rc2 Rxc2 35. Kxc2 Ke7 36. e5 Kd7 37. Kd3 Kc6 38. Kd4 Kb6 39. a3 Kc6
40. h4 h5 41. b4 axb4 42. axb4 Kb6 43. Ke4 Kc6 44. g4 Kb6 45. Kf4 Kc6 46. Kg5
Kd5 47. gxh5 gxh5 48. Kxh5 1-0

[Event "International Championship of Central Serbia 2015 - OPEN Arbia 2015 - OPEN A"]
[Site "Paracin"]
[Date "2015.07.04"]
[Round "2.15"]
[White "Persson, Andreas"]
[Black "Abramovic, Bosko"]
[Result "0-1"]
[WhiteElo "2258"]
[BlackElo "2431"]
[PlyCount "70"]
[EventDate "2015.07.03"]

1. d4 Nf6 2. c4 e6 3. Nc3 d5 4. cxd5 exd5 5. Bg5 Be7 6. e3 c6 7. Bd3 Nbd7 8.
Nf3 Ne4 9. Bxe7 Qxe7 10. Bxe4 dxe4 11. Nd2 Nf6 12. O-O Bf5 13. Qc2 Bg6 14. Rfc1
O-O 15. a3 Rfe8 16. b4 Rad8 17. Qb3 Nd7 18. Rc2 Bf5 19. Ne2 Be6 20. Qb2 f5 21.
a4 Bf7 22. Nc4 g5 23. Kh1 Bd5 24. Rac1 Rf8 25. Nd2 f4 26. b5 Nf6 27. Nc3 fxe3
28. fxe3 Ng4 29. Nxd5 cxd5 30. Qc3 Qd6 31. g3 Rf2 32. Nf1 Qf6 33. Rxf2 Nxf2+
34. Kg1 Qf3 35. h3 Rf8 0-1

[Event "International Championship of Central Serbia 2015 - OPEN Arbia 2015 - OPEN A"]
[Site "Paracin"]
[Date "2015.07.04"]
[Round "2.16"]
[White "Persson, Richard"]
[Black "Radovanovic, Nikola"]
[Result "0-1"]
[WhiteElo "2158"]
[BlackElo "2420"]
[PlyCount "88"]
[EventDate "2015.07.03"]

1. e4 c5 2. Nf3 e6 3. d3 b5 4. a4 b4 5. e5 Nc6 6. Nbd2 Qc7 7. Nc4 Ba6 8. Qe2
Bxc4 9. dxc4 Nge7 10. b3 Nf5 11. Bb2 d6 12. Qe4 Rc8 13. O-O-O dxe5 14. Nxe5
Nxe5 15. Bxe5 Bd6 16. Rxd6 Nxd6 17. Qf4 Rd8 18. Bxg7 Rg8 19. Bf6 Rd7 20. g4 Nc8
21. Qxc7 Rxc7 22. f3 Ne7 23. Bd3 h6 24. h4 Nc6 25. Bh7 Rf8 26. Bg7 Nd4 27. Bxf8
Kxf8 28. Be4 f5 29. gxf5 exf5 30. Bd5 Rg7 31. Rh2 a5 32. Kd2 Ke7 33. Ke3 Kf6
34. Kd3 Rg1 35. Ke3 Rc1 36. Kd3 Ke5 37. Rg2 Kf4 38. h5 Rd1+ 39. Rd2 Re1 40. Rg2
Rd1+ 41. Rd2 Rh1 42. Rg2 Rxh5 43. Rg6 Rh2 44. Ra6 Nxc2 0-1

[Event "International Championship of Central Serbia 2015 - OPEN A"]
[Site "Paracin, hotel Petrus"]
[Date "2015.07.04"]
[Round "2.17"]
[White "Nestorovic, Dejan"]
[Black "Velikic, Adela"]
[Result "1-0"]
[WhiteElo "2408"]
[BlackElo "2128"]
[PlyCount "91"]
[EventDate "2015.07.03"]

1. d4 d5 2. c4 c6 3. Nf3 Nf6 4. Nc3 e6 5. e3 Nbd7 6. Qc2 Bd6 7. e4 dxe4 8. Nxe4
Nxe4 9. Qxe4 Bb4+ 10. Bd2 Bxd2+ 11. Nxd2 O-O 12. O-O-O Qa5 13. Bd3 Nf6 14. Qh4
Qh5 15. Qxh5 Nxh5 16. Rhe1 Rd8 17. Nf3 Nf4 18. Bf1 b6 19. Ne5 Bb7 20. g3 Ng6
21. Bg2 Rac8 22. b4 Ne7 23. Kc2 Nf5 24. Kc3 Nxd4 25. Rxd4 Rxd4 26. Kxd4 c5+ 27.
bxc5 Bxg2 28. cxb6 f6 29. Ng4 e5+ 30. Kc3 axb6 31. Ne3 Be4 32. Kb4 Ra8 33. a3
Rd8 34. Rd1 Rxd1 35. Nxd1 Bc6 36. Nc3 Kf7 37. Nd5 f5 38. Nxb6 Ke6 39. Kc5 Bb7
40. a4 g5 41. a5 f4 42. Nd5 h5 43. a6 Bxa6 44. Nc7+ Kf5 45. Nxa6 h4 46. gxh4
1-0

[Event "International Championship of Central Serbia 2015 - OPEN A"]
[Site "Paracin, hotel Petrus"]
[Date "2015.07.04"]
[Round "2.18"]
[White "Tselkovskiy, Kirill"]
[Black "Radlovacki, Jovan"]
[Result "1-0"]
[WhiteElo "2137"]
[BlackElo "2393"]
[PlyCount "61"]
[EventDate "2015.07.03"]

1. e4 d5 2. exd5 Qxd5 3. Nf3 Bg4 4. Be2 e6 5. d4 c6 6. c4 Qd7 7. O-O Nf6 8. Qb3
Bd6 9. h3 Bh5 10. Nc3 O-O 11. Be3 Qc7 12. g4 Bg6 13. Nh4 Nbd7 14. Nxg6 hxg6 15.
Bf3 Bf4 16. Bg2 Rab8 17. a4 Rfe8 18. a5 Nf8 19. Bxf4 Qxf4 20. d5 g5 21. Ra4 Ng6
22. Rb4 Qc7 23. a6 bxa6 24. dxc6 Nf4 25. Rb7 Rxb7 26. Qxb7 Qxb7 27. cxb7 Nxg2
28. c5 Nf4 29. c6 N4d5 30. Nxd5 Nxd5 31. Rd1 1-0

[Event "International Championship of Central Serbia 2015 - OPEN A"]
[Site "Paracin, hotel Petrus"]
[Date "2015.07.04"]
[Round "2.19"]
[White "Martynov, Pavel"]
[Black "Stefanov, Emil"]
[Result "1/2-1/2"]
[WhiteElo "2385"]
[BlackElo "2088"]
[PlyCount "90"]
[EventDate "2015.07.03"]

1. b3 Nf6 2. Bb2 g6 3. Bxf6 exf6 4. c4 Bg7 5. Nc3 f5 6. Rc1 O-O 7. g3 d6 8. Bg2
c6 9. e3 Re8 10. Nge2 Nd7 11. O-O Nf6 12. d4 Ne4 13. Qd3 Qe7 14. b4 h5 15. h4
Bd7 16. a4 Bh6 17. c5 d5 18. b5 g5 19. hxg5 Qxg5 20. bxc6 bxc6 21. Rb1 h4 22.
gxh4 Qxh4 23. Rb7 Nf6 24. e4 fxe4 25. Qg3+ Qxg3 26. Nxg3 e3 27. Nce2 exf2+ 28.
Kxf2 Rab8 29. Rfb1 Rxb7 30. Rxb7 a5 31. Bf3 Bh3 32. Nh5 Bg5 33. Kg3 Bf5 34.
Nhf4 Ne4+ 35. Kg2 Re7 36. Rb6 Bd7 37. Ra6 Nd2 38. Rxa5 Nxf3 39. Kxf3 Re4 40.
Ra8+ Kg7 41. Nh5+ Kg6 42. Rg8+ Kh6 43. Rh8+ Kg6 44. Rg8+ Kh6 45. Rh8+ Kg6
1/2-1/2

[Event "International Championship of Central Serbia 2015 - OPEN A"]
[Site "Paracin, hotel Petrus"]
[Date "2015.07.04"]
[Round "2.20"]
[White "Aleksic, Neven"]
[Black "Ratkovic, Milovan"]
[Result "0-1"]
[WhiteElo "2068"]
[BlackElo "2385"]
[PlyCount "124"]
[EventDate "2015.07.03"]

1. d4 d5 2. c4 dxc4 3. Nc3 e5 4. d5 Nf6 5. e4 b5 6. Bg5 Bc5 7. Nf3 a6 8. Be2
Nbd7 9. O-O O-O 10. a4 b4 11. Nb1 h6 12. Bxf6 Nxf6 13. Nfd2 Bd4 14. Qc1 Bb7 15.
Qxc4 c6 16. dxc6 Rc8 17. Qxb4 Bxc6 18. Bxa6 Rb8 19. Bb5 Nxe4 20. Nxe4 Bxe4 21.
Nc3 Ba8 22. Kh1 Rb6 23. f3 Rg6 24. Bd3 f5 25. Ne2 Qg5 26. Ng3 Rgf6 27. Ne2 Ba7
28. Qe7 Qe3 29. Ng3 Bc5 30. Bc4+ Kh7 31. Qc7 Bd6 32. Qd7 Qc5 33. Nh5 Rg6 34.
Rac1 Qd4 35. Be6 e4 36. Bxf5 Rxf5 37. Qxf5 exf3 38. Rxf3 Be4 39. Qf7 Qxb2 40.
Rg1 Bxf3 41. Qxf3 Qb4 42. Qd1 Bxh2 43. Rf1 Be5 44. Qd3 Qh4+ 45. Qh3 Qxh3+ 46.
gxh3 Rg5 47. Nxg7 Bxg7 48. Rf2 Kg6 49. Ra2 Bc3 50. Rg2 Kh5 51. Rg4 Rd5 52. Kg2
Rd2+ 53. Kg1 Bd4+ 54. Kh1 Be3 55. Re4 Bg5 56. Rg4 Ra2 57. Kg1 Kg6 58. Rc4 Kf5
59. Rb4 Be3+ 60. Kh1 Ke5 61. Rg4 Bf4 62. Rh4 Ke4 0-1

[Event "International Championship of Central Serbia 2015 - OPEN A"]
[Site "Paracin, hotel Petrus"]
[Date "2015.07.04"]
[Round "2.21"]
[White "Kovacevic, Bozidar"]
[Black "Vajic, Goran"]
[Result "1-0"]
[WhiteElo "2000"]
[BlackElo "2372"]
[PlyCount "113"]
[EventDate "2015.07.03"]

1. e4 e5 2. Nf3 Nf6 3. Nc3 Bb4 4. Nxe5 O-O 5. Be2 Re8 6. Nf3 Bxc3 7. bxc3 Nxe4
8. O-O d5 9. Bb2 Nc6 10. d3 Ng5 11. Nxg5 Qxg5 12. f4 Qe7 13. Bf3 Be6 14. Qd2
Qc5+ 15. Qf2 Qxf2+ 16. Kxf2 f6 17. Rfe1 Bf7 18. Rxe8+ Rxe8 19. Re1 Rxe1 20.
Kxe1 Kf8 21. Ba3+ Ke8 22. Kd2 Kd7 23. Bf8 g6 24. Bg7 Ke7 25. g4 Nb8 26. g5 Nd7
27. Bg4 Be6 28. Bf3 b6 29. a3 fxg5 30. fxg5 Kd6 31. h4 c6 32. h5 Bf5 33. hxg6
hxg6 34. Ke3 a5 35. Kd4 Ke6 36. Ke3 c5 37. Kf4 b5 38. Be2 a4 39. Bf3 Nb8 40.
Bf8 Na6 41. Ke3 b4 42. cxb4 cxb4 43. Kd4 bxa3 44. Bxd5+ Kd7 45. Bxa3 Nc7 46.
Bc4 Be6 47. Bc1 Bg4 48. Kc3 Kc6 49. Bf7 Bh5 50. Kb4 Bd1 51. c4 Na6+ 52. Kc3 Bh5
53. Be8+ Kc7 54. Bxa4 Nc5 55. Bc2 Bf3 56. Kd4 Kc6 57. Ke3 1-0

[Event "International Championship of Central Serbia 2015 - OPEN A"]
[Site "Paracin, hotel Petrus"]
[Date "2015.07.04"]
[Round "2.22"]
[White "Egorova, Ayyyna"]
[Black "Mladenovic, Stefan"]
[Result "0-1"]
[WhiteElo "1901"]
[BlackElo "2341"]
[PlyCount "54"]
[EventDate "2015.07.03"]

1. e4 e6 2. d4 d5 3. Nc3 Bb4 4. e5 Qd7 5. a3 Bxc3+ 6. bxc3 b6 7. Qg4 f5 8. Qh5+
g6 9. Qh4 Ba6 10. Bxa6 Nxa6 11. Ne2 Nb8 12. O-O Nc6 13. Nf4 Qf7 14. c4 dxc4 15.
d5 exd5 16. e6 Qf6 17. Qg3 Nge7 18. c3 O-O-O 19. Nh3 Qxe6 20. Ng5 Qf6 21. Re1
h6 22. Re6 Qg7 23. Nh3 Qf7 24. Re2 d4 25. Nf4 d3 26. Ne6 Nd5 27. Re1 Rde8 0-1

[Event "International Championship of Central Serbia 2015 - OPEN A"]
[Site "Paracin, hotel Petrus"]
[Date "2015.07.04"]
[Round "2.23"]
[White "Kuzmanovic, Slobodan"]
[Black "Savic, Miodrag R"]
[Result "0-1"]
[WhiteElo "2173"]
[BlackElo "2505"]
[PlyCount "40"]
[EventDate "2015.07.03"]

1. e4 d5 2. exd5 Qxd5 3. Nc3 Qa5 4. g3 c6 5. Bg2 Nf6 6. Nf3 Bf5 7. b4 Qc7 8.
O-O a6 9. d3 e6 10. Bf4 Bd6 11. Bxd6 Qxd6 12. Qd2 O-O 13. Nh4 Qxb4 14. Nxf5
exf5 15. Rab1 Qe7 16. Rb6 Ra7 17. Rfb1 Re8 18. Qf4 Nbd7 19. Rxb7 Rxb7 20. Rxb7
Qe1+ 0-1

[Event "International Championship of Central Serbia 2015 - OPEN A"]
[Site "Paracin, hotel Petrus"]
[Date "2015.07.04"]
[Round "2.24"]
[White "Zajic, Milan"]
[Black "Livaja, Mario"]
[Result "1-0"]
[WhiteElo "2489"]
[BlackElo "2216"]
[PlyCount "89"]
[EventDate "2015.07.03"]

1. e4 c5 2. Nf3 e6 3. d4 cxd4 4. Nxd4 Nc6 5. Nb5 d6 6. c4 a6 7. N5c3 Nf6 8. Be2
Be7 9. O-O O-O 10. Be3 b6 11. Na3 Bb7 12. Qb3 Nd7 13. Rfd1 Qc7 14. Rac1 Nc5 15.
Qc2 Rac8 16. Qd2 Qb8 17. Bg5 Bxg5 18. Qxg5 Rcd8 19. Nc2 Ne5 20. Qe3 Bc6 21. Rd2
b5 22. b4 Ncd7 23. cxb5 Bxb5 24. Nxb5 axb5 25. Na3 Nf6 26. Nxb5 d5 27. a4 Nxe4
28. Rdc2 Ng6 29. a5 Nf6 30. Nd4 Qd6 31. Nc6 Rd7 32. Qc5 Qf4 33. g3 Qg5 34. Qe3
Qf5 35. Nd4 Qh3 36. Rc8 e5 37. Rxf8+ Kxf8 38. a6 Rd8 39. Nc6 d4 40. Bf1 Qf5 41.
Qd3 e4 42. Qb5 Rd5 43. a7 e3 44. a8=Q+ Ne8 45. Qxe8+ 1-0